00253 a2200109 4500001000700000020000600007040001100013100001900024240004800043245004300091362000900134181500 a  cMagnum aCapon, Jack J.10aAtividades com pneus e para-quedas/v.5lpor10aAtividades com pneus e para-quedas/v.50 a1899